000 00358nam a2200121Ia 4500
008 250110s9999 xx 000 0 und d
041 _aeng
100 _aBarve R.
245 _aLandscape Master Plan Proposal For An Urban Park : At Taljai Pune
260 _bM Arch Landscape, Pune
_c2009
300 _a80p
700 _aGuide Name:Sahastrabuddhe Swati
_9209694
999 _c362884
_d362884